Pokémon - Attacken von Heatran in KA/PU - Statistiken

Allgemein
  • Dieses Quiz wurde 3 mal gespielt
  • Das Durchschnittsergebnis liegt bei 30 aus 57
Antwortstatistiken
Antwort % Korrekt
Delegator
100%
Eisenabwehr
100%
Erdbeben
100%
Erholung
100%
Feuerzahn
100%
Flammenwurf
100%
Steinhagel
100%
Ausdauer
67%
Bodycheck
67%
Body Press
67%
Bodyslam
67%
Dampfwalze
67%
Eisenschädel
67%
Erdkräfte
67%
Fassade
67%
Felsgrab
67%
Feuersturm
67%
Feuerwirbel
67%
Flammenblitz
67%
Fruststampfer
67%
Grimasse
67%
Hyperstrahl
67%
Knirscher
67%
Lichtkanone
67%
Metallklaue
67%
Nitroladung
67%
Sandsturm
67%
Schaufler
67%
Schlafrede
67%
Schutzschild
67%
Sonnentag
67%
Stahlstrahl
67%
Steinkante
67%
Tera-Ausbruch
67%
Anspringen
33%
Antik-Kraft
33%
Brandsand
33%
Drachenpuls
33%
Felswurf
33%
Finsteraura
33%
Flammensturm
33%
Irrlicht
33%
Juwelenkraft
33%
Lavasturm
33%
Metallsound
33%
Neidflammen
33%
Silberblick
33%
Stahlpresse
33%
Tarnsteine
33%
Anfallen
0%
Brandstempel
0%
Gigastoß
0%
Hitzekoller
0%
Hitzewelle
0%
Rammboss
0%
Solarstrahl
0%
Verhöhner
0%
Keine übereinstimmenden Quizze gefunden
Verteilung der Resultate
Anzahl Personen mit jedem Resultat
Perzentil nach korrekt beantworteten Fragen
Ihre Resultats-Entwicklung
Sie haben dieses Quiz noch nicht gespielt